| 000 | 02469nam a2200313 i 4500 | ||
|---|---|---|---|
| 003 | CSPC | ||
| 005 | 20260420110613.0 | ||
| 008 | 260408s2010 ii a 001 0 eng d | ||
| 020 | _a9788174734518 | ||
| 040 |
_aCSPC _beng _cCSPC _erda |
||
| 050 | 0 | 0 |
_aRA418 _b.R36 2010 |
| 082 | 0 | 4 |
_a362.1 _bR180t _223 |
| 100 | 1 |
_aRao, B. Sridhar, _eauthor. |
|
| 245 | 1 | 0 |
_aTextbook of social medicine : _bfor students of medicine and social sciences / _cB. Sridhar Rao. |
| 246 | 3 | _aText book of social medicine | |
| 250 | _a2nd edition. | ||
| 250 | _aRevised edition. | ||
| 264 | 1 |
_aKrishan Nagar, Delhi : _bAITBS Publishers, India ; Medical Publishers, _c2023. |
|
| 300 |
_axv, 238 pages : _billustrations ; _c24 cm. |
||
| 336 |
_2rdacontent _atext |
||
| 337 |
_2rdamedia _aunmediated |
||
| 338 |
_2rdacarrier _avolume |
||
| 500 | _aIncludes index. | ||
| 505 | 0 | _aPart A: Social factors in diseases in general -- Part B: Social factors predisposing to specific groups in diseases -- Part C: The relation of social factors to social afflictions -- Part D: Beneficial social factors -- Part E: Social consequences of diseases -- Part F: Miscellany. | |
| 520 | _a"This UGC sponsored and National Award winning book is the only book of its kind. It deals exhaustively with the subject of social medicine. It is treatise on the role of global sociocultural factors in the causation of physical, mental and psychological diseases, disabilities, suicides, crimes, prostitution and drug addiction. Also, it discuses threadbare how the acts of omission and commission of people including medical and paramedical personnel, lead to the perpetuation of worsening of diseases. When read between the lines it makes a strong plea to the medical practitioners including specialties and super specialists to take a holistic view of their patients and ever look upon them as members of dynamic kinship, neighborhood and occupational groups. Though written primarily for medical students this book will be equally useful not only to students of nursing and other paramedical disciplines but, also to the students of social sciences. What is more, even lay persons will find this book so easy that they be loath to put in down before reading to the very last page"-- Back cover. | ||
| 650 | 2 |
_aSocial medicine _xTextbooks. |
|
| 942 |
_2ddc _n0 _cBK _h362.1 _iR180t _kGRD _m2023 _e23 |
||
| 999 |
_c32242 _d32242 |
||